| 000 | 00957nam a2200217Ia 4500 | ||
|---|---|---|---|
| 003 | GCL | ||
| 008 | 140319s9999 xx 000 0 ara d | ||
| 020 | _a5109227977 | ||
| 040 |
_aGCL / _cGCL |
||
| 082 | 0 | 4 |
_aق _b962.062 _bا ا |
| 100 | 1 | _aمجدى حماد | |
| 245 | 1 | 0 |
_aاربعون عاما على الوحدة المصرية السورية 22 - 23 فبراير سنة 1998 / _cمجدى حماد |
| 700 | 1 | _aاحمد يوسف احمد | |
| 700 | 1 | _aاحمد يوسف القرعى | |
| 260 |
_aالقاهرة : _bمركز الدراسات السياسية والاستراتيجية - الأهرام ، _c1999 |
||
| 300 |
_a434 ص ؛ _c24 سم |
||
| 650 | 0 | 4 | _aسوريا - تاريخ - العصر الحديث - الوحدة مع مصر(1958- 1961) |
| 650 | 0 | 4 | _aمصر - تاريخ - العصر الحديث - الوحدة مع سوريا ( 1958 - 1961 ) |
| 650 | 0 | 4 | _aمصر - العلاقات الخارجية - سوريا |
| 942 |
_2ddc _cBK |
||
| 999 |
_c9302 _d9302 |
||